• 首页
  • 本馆介绍
  • 公告通知
  • 最新文献
  • 馆藏检索
  • 电子资源
  • 读者导购
  • 参考咨询
  • 我的图书馆
  • 登录
  • 详细信息显示
  • 放入我的书架
  • 预约/预借图书
  • 作者相关作品
  • 分类相关作品
  • 丛书相关作品
  • 出版社相关作品

书目信息

  • 表格格式
  • 工作单格式
  • 卡片格式
题名:
审计理论与实务考点·真题·预测全攻略
    
 
作者: 欧阳华生 , 汤木红 主编
分册:   科目二
出版信息: 北京   中国经济出版社  2020
页数: 202页
开本: 26cm
丛书名:
单 册:
中图分类: F239.0 , F239.6
科图分类:
主题词: 审计学--资格考试--自学参考资料 , 企业管理--财务审计--资格考试--自学参考资料
电子资源:
ISBN: 978-7-5136-6093-8
000 01087nam0 2200277 450
001 2373033389
005 20231216201851.24
010    @a978-7-5136-6093-8@dCNY 52.00
100    @a20200530d2020 em y0chiy0120 ea
101 0  @achi
102    @aCN@b110000
105    @ay z 000yy
200 1  @a审计理论与实务考点·真题·预测全攻略@Ashen ji li lun yu shi wu kao dian · zhen ti · yu ce quan gong lüe@i科目二@b专著@f欧阳华生,汤木红主编
205    @a8版
210    @a北京@c中国经济出版社@d2020
215    @a202页@d26cm
300    @a2020全国审计专业技术资格考试辅导用书(初级、中级通用) 考点集中考霸秘籍
330    @a本书分为学习方法与应试技巧;分章考点、真题及易错题;考前模拟冲刺试卷三篇,其中结合考试真题分别介绍了“审计理论与方法”和“企业财务审计”两部分的考试重点。
606 0  @a审计学@x资格考试@j自学参考资料
606 0  @a企业管理@x财务审计@x资格考试@j自学参考资料
690    @aF239.0@v5
690    @aF239.6@v5
701  0 @a欧阳华生@Aou yang hua sheng@4主编
701  0 @a汤木红@Atang mu hong@4主编
801  2 @aCN@b辽宁北配@c20231205
905    @aBZT@dF239.0@e31:2=8
    
    审计理论与实务考点·真题·预测全攻略.科目二/欧阳华生,汤木红主编.-8版.-北京:中国经济出版社,2020
    202页;26cm
    2020全国审计专业技术资格考试辅导用书(初级、中级通用) 考点集中考霸秘籍
    
    ISBN 978-7-5136-6093-8:CNY 52.00
    本书分为学习方法与应试技巧;分章考点、真题及易错题;考前模拟冲刺试卷三篇,其中结合考试真题分别介绍了“审计理论与方法”和“企业财务审计”两部分的考试重点。
●
相关链接 在五车中查询图书 在当当中查询图书 在豆瓣中查询图书


正题名:审计理论与实务考点·真题·预测全攻略     索取号:F239.0/31:2=8         预约/预借

序号 登录号 条形码 馆藏地/架位号 状态 备注
1 2001624700   2001624700   辽三/辽宁北配(第三批)/2633/ [索取号:F239.0/31:2=8] 在馆    
2 2001624701   2001624701   辽三/辽宁北配(第三批)/2633/ [索取号:F239.0/31:2=8] 在馆    
3 2001624702   2001624702   辽三/辽宁北配(第三批)/2633/ [索取号:F239.0/31:2=8] 在馆    
4 2001624703   2001624703   辽三/辽宁北配(第三批)/2633/ [索取号:F239.0/31:2=8] 在馆    
5 2001624704   2001624704   辽三/辽宁北配(第三批)/2633/ [索取号:F239.0/31:2=8] 在馆    
6 2001624705   2001624705   辽三/辽宁北配(第三批)/2633/ [索取号:F239.0/31:2=8] 在馆    
7 2001624706   2001624706   辽三/辽宁北配(第三批)/2633/ [索取号:F239.0/31:2=8] 在馆    
8 2001624707   2001624707   辽三/辽宁北配(第三批)/2633/ [索取号:F239.0/31:2=8] 在馆    
9 2001624708   2001624708   辽三/辽宁北配(第三批)/2633/ [索取号:F239.0/31:2=8] 在馆    
10 2001624709   2001624709   辽三/辽宁北配(第三批)/2633/ [索取号:F239.0/31:2=8] 在馆    
11 2001624710   2001624710   辽三/辽宁北配(第三批)/2633/ [索取号:F239.0/31:2=8] 在馆    
12 2001624711   2001624711   辽三/辽宁北配(第三批)/2633/ [索取号:F239.0/31:2=8] 在馆    
13 2001624712   2001624712   辽三/辽宁北配(第三批)/2633/ [索取号:F239.0/31:2=8] 在馆    
14 2001624713   2001624713   辽三/辽宁北配(第三批)/2633/ [索取号:F239.0/31:2=8] 在馆    
15 2001624714   2001624714   辽三/辽宁北配(第三批)/2633/ [索取号:F239.0/31:2=8] 在馆    
16 2001624715   2001624715   辽三/辽宁北配(第三批)/2633/ [索取号:F239.0/31:2=8] 在馆    
17 2001624716   2001624716   辽三/辽宁北配(第三批)/2633/ [索取号:F239.0/31:2=8] 在馆    
18 2001624717   2001624717   辽三/辽宁北配(第三批)/2633/ [索取号:F239.0/31:2=8] 在馆    
19 2001624718   2001624718   辽三/辽宁北配(第三批)/2633/ [索取号:F239.0/31:2=8] 在馆    
20 2001624719   2001624719   辽三/辽宁北配(第三批)/2633/ [索取号:F239.0/31:2=8] 在馆    
21 2001624720   2001624720   辽三/辽宁北配(第三批)/2633/ [索取号:F239.0/31:2=8] 在馆    
22 2001624721   2001624721   辽三/辽宁北配(第三批)/2633/ [索取号:F239.0/31:2=8] 在馆    
23 2001624722   2001624722   辽三/辽宁北配(第三批)/2633/ [索取号:F239.0/31:2=8] 在馆    
24 2001624723   2001624723   辽三/辽宁北配(第三批)/2633/ [索取号:F239.0/31:2=8] 在馆    
25 2001624724   2001624724   辽三/辽宁北配(第三批)/2633/ [索取号:F239.0/31:2=8] 在馆    
26 2001624725   2001624725   辽三/辽宁北配(第三批)/2633/ [索取号:F239.0/31:2=8] 在馆    
27 2001624726   2001624726   辽三/辽宁北配(第三批)/2633/ [索取号:F239.0/31:2=8] 在馆    
28 2001624727   2001624727   辽三/辽宁北配(第三批)/2633/ [索取号:F239.0/31:2=8] 在馆    
29 2001624728   2001624728   辽三/辽宁北配(第三批)/2633/ [索取号:F239.0/31:2=8] 在馆    
30 2001624729   2001624729   辽三/辽宁北配(第三批)/2633/ [索取号:F239.0/31:2=8] 在馆    
山东省滨州职业学院图书馆 欢迎您!
大连网信软件有限公司© 版权所有